| 000 | 00474nam a22001697a 4500 | ||
|---|---|---|---|
| 005 | 20160429101753.0 | ||
| 008 | 160429b xxu||||| |||| 00| 0 eng d | ||
| 020 | _a81-2032207-x | ||
| 041 | _aeng | ||
| 082 | _b00750 | ||
| 100 |
_aTriebel, Waltera _9208 |
||
| 245 | _aThe 8088 and 8086 Mcroprocessors - Programming interfacing, Software, Hardware appl. | ||
| 260 |
_aNew Delhi _bPHI Pvt Ltd. _c2004 |
||
| 300 | _a1019 | ||
| 650 |
_aInformation Technology _9137 |
||
| 942 | _cBK | ||
| 999 |
_c230 _d230 |
||